Coconut and oilpalm : (Record no. 32983)
[ view plain ]
| 000 -LEADER | |
|---|---|
| fixed length control field | 00683cam a2200241 a 4500 |
| 001 - CONTROL NUMBER | |
| control field | 13777523 |
| 003 - CONTROL NUMBER IDENTIFIER | |
| control field | OSt |
| 005 - DATE AND TIME OF LATEST TRANSACTION | |
| control field | 20240911115921.0 |
| 008 - FIXED-LENGTH DATA ELEMENTS--GENERAL INFORMATION | |
| fixed length control field | 040709s2004 ii a b 001 0 eng |
| 010 ## - LIBRARY OF CONGRESS CONTROL NUMBER | |
| LC control number | 2004311307 |
| 020 ## - INTERNATIONAL STANDARD BOOK NUMBER | |
| International Standard Book Number | 8170352576 |
| 040 ## - CATALOGING SOURCE | |
| Original cataloging agency | MMU |
| Transcribing agency | MMU |
| Language of cataloging | eng |
| 042 ## - AUTHENTICATION CODE | |
| Authentication code | lcode |
| 050 00 - LIBRARY OF CONGRESS CALL NUMBER | |
| Classification number | SB401 .R36 2001 |
| 100 1# - MAIN ENTRY--PERSONAL NAME | |
| Personal name | Ramanathan, T. |
| 9 (RLIN) | 1619 |
| 245 10 - TITLE STATEMENT | |
| Title | Coconut and oilpalm : |
| Remainder of title | genetic upgradation and protection / |
| Statement of responsibility, etc. | T. Ramanathan. |
| 260 ## - PUBLICATION, DISTRIBUTION, ETC. (IMPRINT) | |
| Place of publication, distribution, etc. | Delhi : |
| Name of publisher, distributor, etc. | Daya Pub. House, |
| Date of publication, distribution, etc. | 2001. |
| 300 ## - PHYSICAL DESCRIPTION | |
| Extent | x, 150 pages. : |
| Other physical details | illustrations ; |
| Dimensions | 23 cm. |
| 500 ## - GENERAL NOTE | |
| General note | Includes index. |
| 650 #0 - SUBJECT ADDED ENTRY--TOPICAL TERM | |
| Topical term or geographic name as entry element | Coconut |
| 9 (RLIN) | 1620 |
| 650 #0 - SUBJECT ADDED ENTRY--TOPICAL TERM | |
| Topical term or geographic name as entry element | Oilpalm |
| General subdivision | Breeding. |
| 9 (RLIN) | 1621 |
| 942 ## - ADDED ENTRY ELEMENTS (KOHA) | |
| Source of classification or shelving scheme | Library of Congress Classification |
| Koha item type | L |
| Withdrawn status | Lost status | Source of classification or shelving scheme | Damaged status | Not for loan | Home library | Current library | Date acquired | Source of acquisition | Cost, normal purchase price | Total Checkouts | Full call number | Barcode | Date last seen | Price effective from | Koha item type |
|---|---|---|---|---|---|---|---|---|---|---|---|---|---|---|---|
| Library of Congress Classification | Maasai Mara University Library -Main Campus | Maasai Mara University Library -Main Campus | 09/11/2024 | Purchased | 1480.00 | SB401 .R36 2001 | 24040021 | 09/11/2024 | 09/11/2024 | L | |||||
| Library of Congress Classification | Maasai Mara University Library -Main Campus | Maasai Mara University Library -Main Campus | 09/11/2024 | Purchased | 1480.00 | SB401 .R36 2001 | 24040020 | 09/11/2024 | 09/11/2024 | L | |||||
| Library of Congress Classification | Maasai Mara University Library -Main Campus | Maasai Mara University Library -Main Campus | 09/11/2024 | Purchased | 1480.00 | SB401 .R36 2001 | 24040019 | 09/11/2024 | 09/11/2024 | L |